000 00675nam a2200205 a 4500
005 20231127115710.0
008 991125s2000 mx 000 0 spa u
020 _a9684963955
035 _aUPN01000151205
049 _aCG
050 4 _aF1219.1 C7.5
_bR4.2
100 1 _aReyes Garza, Juan Carlos
245 1 0 _aAl pie del volcán :
_blos indios de Colima en el virreinato /
_cJuan Carlos Reyes Garza.
260 _aMéxico :
_bCIESAS :
_bINI,
_c2000.
300 _a245 p. :
_bil.
440 0 _aHistoria de los pueblos indígenas de México
650 4 _aIndígenas de México
_zColima
_xHistoria
_98543
650 4 _aTRATO A LOS INDIGENAS -
_zCOLIMA
_98544
905 _aLibro
999 _c123344
_d123344